Temas contemporńeos de direito das faml̕ias

Bibliographic Details
Main Author: Jos ̌Cordeiro, Carlos
Format: Book
Language:Portuguese
Published: Brasil Pillares 2013
Subjects:
Online Access:Acceso restringido

MARC

LEADER 00000nam a22000007a 4500
005 20160518151525.0
007 cr|||| ||u|
008 160518s2013 bl ||||| |||| 00||0 por d
020 |a 978-85-8183-021-6 
035 |a 14208 
040 |a vLex 
090 |c 6077  |d 6077 
100 1 |a Jos ̌Cordeiro, Carlos  
245 1 0 |a Temas contemporńeos de direito das faml̕ias  |h [Recurso electrn̤ico] /  |c Carlos Jos ̌Cordeiro  
256 |a Servicio en ln̕ea  
260 |a Brasil  |b Pillares  |c 2013 
300 |a 1 recurso electrn̤ico 
506 1 |a Contenido solo disponible en los productos indicados  |d vLex Global  |d vLex Global (Academic Edition, excluding Law Schools)  |d vLex Global (U.S. Academic Edition, Law Schools)  |d vLex Global (U.S. Academic Edition, excluding Law Schools)  |d vLex Global (Academic Edition, Law Schools) 
650 0 4 |a Derecho de familia   |z Brasil  
740 0 |a vLex libros (servicio en ln̕ea)  
856 4 0 |u http://vlex.com/source/temas-contempor-neos-de-direito-das-familias-14208  |z Acceso restringido  
942 |c BOOK 
999 0 |a Domestic relations  |b Brasil